Online
Catalog

Bioética / (Record no. 58)

MARC details
000 -CABECERA
campo de control de longitud fija 02195nam a2200397 i 4500
001 - NÚMERO DE CONTROL
campo de control 000000058
003 - IDENTIFICADOR DEL NÚMERO DE CONTROL
campo de control DO-SdBNP
005 - FECHA Y HORA DE LA ÚLTIMA TRANSACCIÓN
campo de control 20240308110829.0
007 - CAMPO FIJO DE DESCRIPCIÓN FÍSICA--INFORMACIÓN GENERAL
campo de control de longitud fija ta
008 - DATOS DE LONGITUD FIJA--INFORMACIÓN GENERAL
campo de control de longitud fija 081117s2002 dr 001 0 spa d
020 ## - NÚMERO INTERNACIONAL ESTÁNDAR DEL LIBRO
Número Internacional Estándar del Libro 9993482730
020 ## - NÚMERO INTERNACIONAL ESTÁNDAR DEL LIBRO
Número Internacional Estándar del Libro 9789993482734
040 ## - FUENTE DE LA CATALOGACIÓN
Centro catalogador/agencia de origen DO-SdBNP
Lengua de catalogación spa
Centro/agencia transcriptor BNPHU
Normas de descripción rda
082 #4 - NÚMERO DE LA CLASIFICACIÓN DECIMAL DEWEY
Número de clasificación 174.957
Número de documento/Ítem B615
Número de edición 22
245 00 - MENCIÓN DE TÍTULO
Título Bioética /
Mención de responsabilidad, etc. editor, Alejandro Pichardo ; colaboradores Andrés Peralta Cornielle, César Mella Mejías, Diómedes Robles.
264 #1 - PRODUCCIÓN, PUBLICACIÓN, DISTRIBUCIÓN, FABRICACIÓN Y COPYRIGHT
Producción, publicación, distribución, fabricación y copyright Santo Domingo :
Nombre del de productor, editor, distribuidor, fabricante Impresora A. Muñoz,
Fecha de producción, publicación, distribución, fabricación o copyright 2002.
300 ## - DESCRIPCIÓN FÍSICA
Extensión 289 páginas ;
Dimensiones 21 cm.
336 ## - TIPO DE CONTENIDO
Término de tipo de contenido texto
Código de tipo de contenido txt
Fuente rdacontent
337 ## - TIPO DE MEDIO
Nombre/término del tipo de medio sin mediación
Código del tipo de medio n
Fuente rdamedia
338 ## - TIPO DE SOPORTE
Nombre/término del tipo de soporte volumen
Código del tipo de soporte nc
Fuente rdacarrier
504 ## - NOTA DE BIBLIOGRAFÍA, ETC.
Nota de bibliografía, etc. Bibliografía y notas al final de capítulos.
505 0# - NOTA DE CONTENIDO CON FORMATO
Información miscelánea Prefacio --
Título La ética en la historia social de la medicina /
Mención de responsabilidad Tito Suero Portorreal --
Título Naturaleza del ser humano /
Mención de responsabilidad Andrés Peralta Cornielle --
Título Enseñanza de la bioética a futuros profesionales de la salud /
Mención de responsabilidad Alejandro Pichardo --
Título Relaciones médicas /
Mención de responsabilidad Alejandro Pichardo --
Título Bioética de la relación médico-paciente (Bioética clínica) /
Mención de responsabilidad Alejandro Pichardo --
Título Consentimiento informado /
Mención de responsabilidad Maritza Mejía --
Título Honorarios médicos /
Mención de responsabilidad Alejandro Pichardo --
Título Investigación científica en seres humanos /
Mención de responsabilidad César Mella Mejía --
Título Placebo /
Mención de responsabilidad Alejandro Pichardo --
Título Equidad /
Mención de responsabilidad Diómedes Robles Cid --
Título Donación y trasplante de órganos /
Mención de responsabilidad Alejandro Pichardo --
Título Eutanasia /
Mención de responsabilidad Alejandro Pichardo --
Título Ética psiquiátrica /
Mención de responsabilidad Fernando Sánchez Martínez, Guillermo Barrientos --
Título Anexos.
590 ## - NOTA LOCAL (RLIN)
Nota local Inventariado, 2018/MFF
650 #4 - PUNTO DE ACCESO ADICIONAL DE MATERIA--TÉRMINO DE MATERIA
Término de materia o nombre geográfico como elemento de entrada Bioética
9 (RLIN) 236
650 #4 - PUNTO DE ACCESO ADICIONAL DE MATERIA--TÉRMINO DE MATERIA
Término de materia o nombre geográfico como elemento de entrada Ciencia y ética
9 (RLIN) 237
700 1# - PUNTO DE ACCESO ADICIONAL--NOMBRE DE PERSONA
Nombre de persona Pichardo, Alejandro,
Término indicativo de función/relación editor
9 (RLIN) 238
700 1# - PUNTO DE ACCESO ADICIONAL--NOMBRE DE PERSONA
Nombre de persona Peralta Cornielle, Andrés,
Término indicativo de función/relación colaborador
9 (RLIN) 239
700 1# - PUNTO DE ACCESO ADICIONAL--NOMBRE DE PERSONA
Nombre de persona Mella Mejías, César,
Fechas asociadas al nombre 1950-
Término indicativo de función/relación colaborador
9 (RLIN) 210
700 1# - PUNTO DE ACCESO ADICIONAL--NOMBRE DE PERSONA
Nombre de persona Robles Cid, Diómedes,
Término indicativo de función/relación colaborador
9 (RLIN) 240
700 1# - PUNTO DE ACCESO ADICIONAL--NOMBRE DE PERSONA
Nombre de persona Sánchez Martínez, Fernando,
Término indicativo de función/relación colaborador
9 (RLIN) 7183
700 1# - PUNTO DE ACCESO ADICIONAL--NOMBRE DE PERSONA
Nombre de persona Barrientos, Guillermo,
Término indicativo de función/relación colaborador
9 (RLIN) 62888
700 1# - PUNTO DE ACCESO ADICIONAL--NOMBRE DE PERSONA
Nombre de persona Mejía, Maritza,
Término indicativo de función/relación colaborador
9 (RLIN) 37171
700 1# - PUNTO DE ACCESO ADICIONAL--NOMBRE DE PERSONA
Nombre de persona Suero, Tito,
Término indicativo de función/relación colaborador
9 (RLIN) 84996
910 ## - DATOS DE OPCIÓN DEL USUARIO (OCLC)
Datos de opción del usuario Validado. Control de calidad EMS
942 ## - ELEMENTOS DE PUNTO DE ACCESO ADICIONAL (KOHA)
Fuente del sistema de clasificación o colocación Dewey Decimal Classification
Tipo de ítem Koha Libro
Holdings
Estado de retiro Estado de pérdida Fuente del sistema de clasificación o colocación Restricciones de uso No para préstamo Código de colección Localización permanente Ubicación/localización actual Ubicación en estantería Fecha de adquisición Fuente de adquisición Total de préstamos Signatura topográfica completa Código de barras Fecha visto por última vez Número de copia Precio válido a partir de Tipo de ítem Koha
    Dewey Decimal Classification Préstamo en sala   Dominicana de Servicio Biblioteca Nacional Pedro Henríquez Ureña Biblioteca Nacional Pedro Henríquez Ureña Depósito 12.06.2009 051544   BNPHU DS 174.957 B615 58-30 25.06.2020 e.3 25.06.2020 Libro
    Dewey Decimal Classification Excluido de préstamo   Patrimonio Dominicano Biblioteca Nacional Pedro Henríquez Ureña Biblioteca Nacional Pedro Henríquez Ureña Depósito 12.06.2009 051542   BNPHU PD 174.957 B615 58-10 25.06.2020   25.06.2020 Libro
    Dewey Decimal Classification Excluido de préstamo   Patrimonio Dominicano Biblioteca Nacional Pedro Henríquez Ureña Biblioteca Nacional Pedro Henríquez Ureña Depósito 12.06.2009 051543   BNPHU PD 174.957 B615 58-20 25.06.2020 e. 2 25.06.2020 Libro
    Dewey Decimal Classification Préstamo en sala   Dominicana de Servicio Biblioteca Nacional Pedro Henríquez Ureña Biblioteca Nacional Pedro Henríquez Ureña Depósito 14.07.2023     BNPHU DS 174.957 B615 2023-4874 14.07.2023 e.4 14.07.2023 Libro

Powered by Koha